[Event "Polfinaly Mistrzostw Polski Juniorow C17"]
[Site "Szklarska Poreba 2015"]
[Date "2015.11.08"]
[Round "1.2"]
[White "Rzeszowski, Dominik"]
[Black "Pilzak, Marcin"]
[Result "0-1"]
[WhiteElo "1808"]
[BlackElo "2102"]
[PlyCount "56"]
[EventDate "2015.??.??"]
[WhiteClock "0:12:48"]
[BlackClock "0:05:33"]

1. e4 e6 2. d4 d5 3. e5 c5 4. Qg4 Qa5+ 5. Bd2 Qb6 6. b3 cxd4 7. Nf3 Nc6 8. Bd3
Nb4 9. O-O Nxd3 10. cxd3 Bd7 11. Qxd4 Qxd4 12. Nxd4 Rc8 13. Nc3 Bb4 14. Rac1
Ba3 15. Ncb5 Bxc1 16. Nd6+ Kf8 17. Bxc1 Rc7 18. Ba3 Ne7 19. f4 g6 20. g4 Kg7
21. f5 gxf5 22. gxf5 Nxf5 23. N4xf5+ exf5 24. Kh1 h6 25. e6 fxe6 26. Bb2+ Kh7
27. Bxh8 Kxh8 28. Rg1 d4 0-1

[Event "Polfinaly Mistrzostw Polski Juniorow C17"]
[Site "Szklarska Poreba 2015"]
[Date "2015.11.09"]
[Round "2.2"]
[White "Golda, Sebastian"]
[Black "Zarnowski, Krzysztof"]
[Result "1-0"]
[WhiteElo "1868"]
[BlackElo "2025"]
[PlyCount "74"]
[EventDate "2015.??.??"]
[WhiteClock "0:00:49"]
[BlackClock "0:01:21"]

1. e4 c5 2. Nf3 e6 3. d4 cxd4 4. Nxd4 a6 5. Bd3 Nf6 6. O-O Qc7 7. f4 d6 8. Kh1
Be7 9. Nd2 Nbd7 10. N2f3 b5 11. Qe2 Nc5 12. e5 Nd5 13. Bd2 O-O 14. Rae1 Re8 15.
Qf2 g6 16. Qg3 Bb7 17. f5 Nxd3 18. fxg6 hxg6 19. cxd3 dxe5 20. Nxe6 Qd6 21.
Neg5 Nf4 22. Bxf4 exf4 23. Qh4 Bxg5 24. Nxg5 Qf6 25. Qh7+ Kf8 26. Qh6+ Kg8 27.
Ne4 Bxe4 28. dxe4 Qxb2 29. Rxf4 Qd2 30. Qh4 Qxa2 31. e5 Ra7 32. e6 fxe6 33. Qh6
Rg7 34. Rh4 Qf2 35. Rc1 Qf6 36. Qh8+ Kf7 37. Rc7+ Re7 1-0

[Event "Polfinaly Mistrzostw Polski Juniorow C17"]
[Site "Szklarska Poreba 2015"]
[Date "2015.11.09"]
[Round "2.3"]
[White "Koseski, Damian"]
[Black "Osinski, Emil"]
[Result "0-1"]
[WhiteElo "1857"]
[BlackElo "1967"]
[PlyCount "68"]
[EventDate "2015.??.??"]
[WhiteClock "0:29:58"]
[BlackClock "0:18:55"]

1. d4 c5 2. d5 e6 3. c4 exd5 4. cxd5 d6 5. Nc3 g6 6. Nf3 Bg7 7. Bf4 Nf6 8. h3
a6 9. a4 O-O 10. e3 Qc7 11. Nd2 Re8 12. Be2 Nbd7 13. Nc4 Bf8 14. a5 b5 15. axb6
Nxb6 16. O-O Nxc4 17. Bxc4 Nd7 18. Qe2 Qb6 19. Bb5 Ra7 20. Bc6 Rc7 21. Na4 Qb4
22. Rfc1 Qxf4 23. Bxd7 Rxd7 24. Nb6 Rc7 25. Nxc8 Rcxc8 26. exf4 Rxe2 27. b4 Rd8
28. Rxa6 cxb4 29. Rb6 Rd2 30. Rxb4 Rxd5 31. Rc7 Rc5 32. Ra7 d5 33. Rbb7 d4 34.
Rxf7 d3 0-1

[Event "Polfinaly Mistrzostw Polski Juniorow C17"]
[Site "Szklarska Poreba 2015"]
[Date "2015.11.09"]
[Round "2.4"]
[White "Drozniak, Stanislaw"]
[Black "Smal, Tobiasz"]
[Result "1/2-1/2"]
[WhiteElo "1857"]
[BlackElo "1945"]
[PlyCount "92"]
[EventDate "2015.??.??"]
[WhiteClock "0:22:45"]
[BlackClock "0:01:09"]

1. e4 c5 2. Nf3 d6 3. d4 cxd4 4. Nxd4 Nf6 5. Nc3 a6 6. Bg5 e6 7. f4 h6 8. Bh4
Qb6 9. a3 Nc6 10. Bf2 Qc7 11. Be2 Be7 12. Qd2 Bd7 13. O-O-O Rc8 14. Kb1 Nxd4
15. Bxd4 e5 16. Bf2 Bc6 17. Bf3 O-O 18. Rhe1 exf4 19. Qxf4 b5 20. Re2 Rfe8 21.
Nd5 Nxd5 22. exd5 Bg5 23. Rxe8+ Bxe8 24. Qe4 Bd7 25. Bd4 Re8 26. Qd3 Qd8 27.
Qc3 Qe7 28. g3 Rc8 29. Re1 Qd8 30. Qd3 g6 31. Be4 Bf6 32. Rf1 Bxd4 33. Qxd4 Qe7
34. Bd3 Re8 35. Rf6 Qe5 36. Qxe5 dxe5 37. Rxa6 e4 38. Be2 Kf8 39. Ra7 Rd8 40.
Rb7 Be8 41. c4 f5 42. Kc2 bxc4 43. Bxc4 Bf7 44. Rb5 g5 45. Kc3 e3 46. d6 Rc8
1/2-1/2

[Event "Polfinaly Mistrzostw Polski Juniorow C17"]
[Site "Szklarska Poreba 2015"]
[Date "2015.??.??"]
[Round "1.6"]
[White "Zianowicz, Dominik"]
[Black "Adamczewski, Maciej"]
[Result "1/2-1/2"]
[WhiteElo "1729"]
[BlackElo "1985"]
[PlyCount "82"]
[EventDate "2015.??.??"]

1. d4 Nf6 2. Nf3 g6 3. c4 Bg7 4. Nc3 O-O 5. Bg5 d6 6. e3 Nbd7 7. Be2 c6 8. O-O
Qc7 9. Qc2 e5 10. dxe5 dxe5 11. a3 Nc5 12. Bxf6 Bxf6 13. b4 Ne6 14. Rac1 Bg7
15. Rfd1 a5 16. Nd2 axb4 17. axb4 Ng5 18. c5 Bf5 19. Bd3 Bxd3 20. Qxd3 Rfd8 21.
Qc2 Qc8 22. Nce4 Nxe4 23. Nxe4 Qe6 24. h3 Bf8 25. Ra1 Rxa1 26. Rxa1 Be7 27. Nd2
Qd5 28. Nc4 Qd3 29. Qxd3 Rxd3 30. Ra7 Rb3 31. Nd6 Bxd6 32. cxd6 Rd3 33. Rxb7
Rxd6 34. Rb6 Rd1+ 35. Kh2 Rc1 36. b5 Rb1 37. Rxc6 Rxb5 38. Kg3 Kg7 39. Kf3 Rb2
40. g4 Ra2 41. Kg3 Rb2 1/2-1/2

[Event "Polfinaly Mistrzostw Polski Juniorow C17"]
[Site "Szklarska Poreba 2015"]
[Date "2015.??.??"]
[Round "1.7"]
[White "Osinski, Emil"]
[Black "Zurawski, Kamil"]
[Result "1-0"]
[WhiteElo "1967"]
[BlackElo "1726"]
[PlyCount "27"]
[EventDate "2015.??.??"]

1. e4 c5 2. Nf3 Nc6 3. Bb5 d6 4. O-O g6 5. d4 Bd7 6. c3 Bg7 7. Re1 cxd4 8. cxd4
Qb6 9. Nc3 Nf6 10. h3 O-O 11. e5 dxe5 12. dxe5 Rfd8 13. exf6 Bxf6 14. Qd2 1-0

[Event "Polfinaly Mistrzostw Polski Juniorow C17"]
[Site "Szklarska Poreba 2015"]
[Date "2015.??.??"]
[Round "1.8"]
[White "Krawiec, Grzegorz"]
[Black "Januszkiewicz, Wojciech"]
[Result "1/2-1/2"]
[WhiteElo "1715"]
[BlackElo "1965"]
[PlyCount "61"]
[EventDate "2015.??.??"]

1. e4 c5 2. Nf3 d6 3. d4 cxd4 4. Nxd4 Nf6 5. Nc3 g6 6. Be3 Bg7 7. f3 O-O 8. Qd2
Nc6 9. O-O-O d5 10. Kb1 Rb8 11. g4 Nxd4 12. Bxd4 dxe4 13. Bxf6 Qxd2 14. Rxd2
exf6 15. Nxe4 f5 16. Nd6 fxg4 17. Nxc8 Rbxc8 18. fxg4 Rcd8 19. Rxd8 Rxd8 20.
Bd3 Rd4 21. h3 Be5 22. Re1 f6 23. Re4 Kg7 24. Kc1 Kh6 25. Rxd4 Bxd4 26. h4 Kg7
27. h5 Kh6 28. b3 gxh5 29. gxh5 Kxh5 30. Bxh7 Kg4 31. Kd2 1/2-1/2

[Event "Polfinaly Mistrzostw Polski Juniorow C17"]
[Site "Szklarska Poreba 2015"]
[Date "2015.??.??"]
[Round "1.9"]
[White "Smal, Tobiasz"]
[Black "Kaminski, Piotr"]
[Result "1-0"]
[WhiteElo "1945"]
[BlackElo "1699"]
[PlyCount "77"]
[EventDate "2015.??.??"]

1. e4 c5 2. Nf3 Nc6 3. d4 cxd4 4. Nxd4 g6 5. c4 Nf6 6. Nc3 d6 7. Be2 Nxd4 8.
Qxd4 Bg7 9. Be3 O-O 10. Qd2 a5 11. O-O a4 12. f3 Qa5 13. Rac1 Be6 14. Nd5 Qxd2
15. Bxd2 Nxd5 16. cxd5 Bd4+ 17. Kh1 Bd7 18. Rc7 Rfd8 19. Bc3 Bxc3 20. Rxc3 e6
21. Bc4 b5 22. dxe6 fxe6 23. Bd3 b4 24. Rc7 d5 25. exd5 exd5 26. Kg1 a3 27. b3
Rac8 28. Rfc1 Be6 29. Kf2 d4 30. Ke2 Rxc7 31. Rxc7 Rc8 32. Rxc8+ Bxc8 33. Bc4+
Kf8 34. Kd3 Bf5+ 35. Kxd4 Bb1 36. Bd3 Bxa2 37. Bc2 Ke7 38. Kc4 Bxb3+ 39. Bxb3
1-0

[Event "Polfinaly Mistrzostw Polski Juniorow C17"]
[Site "Szklarska Poreba 2015"]
[Date "2015.??.??"]
[Round "1.10"]
[White "Litner, Igor"]
[Black "Fukowski, Pawel"]
[Result "1/2-1/2"]
[WhiteElo "1695"]
[BlackElo "1933"]
[PlyCount "81"]
[EventDate "2015.??.??"]

1. f4 d5 2. Nf3 Nf6 3. e3 e6 4. b3 c5 5. Bb5+ Bd7 6. Qe2 Qb6 7. Bxd7+ Nbxd7 8.
O-O Be7 9. Bb2 O-O 10. d3 Ng4 11. Nbd2 c4 12. Nd4 f5 13. dxc4 e5 14. fxe5 Bg5
15. Nxf5 Nxe3 16. Bd4 Nxf1 17. Bxb6 Nxd2 18. Be3 Rxf5 19. Bxg5 Ne4 20. e6 Ndc5
21. Be7 Re8 22. Bxc5 Nxc5 23. g4 Rf4 24. cxd5 h5 25. Qb5 Rxg4+ 26. Kh1 Rc8 27.
e7 Kf7 28. Re1 Ne4 29. Rxe4 Rxe4 30. Qd7 Re1+ 31. Kg2 Rxc2+ 32. Kf3 Rc3+ 33.
Kf4 Rxe7 34. Qf5+ Kg8 35. Qxh5 Rd3 36. Qg5 Rd4+ 37. Kf3 Rd3+ 38. Kf4 Rd4+ 39.
Kf3 Rd3+ 40. Kf4 Rd4+ 41. Kf3 1/2-1/2

[Event "Polfinaly Mistrzostw Polski Juniorow C17"]
[Site "Szklarska Poreba 2015"]
[Date "2015.??.??"]
[Round "1.11"]
[White "Rosicki, Marcin"]
[Black "Kucza, Jan"]
[Result "1-0"]
[WhiteElo "1907"]
[BlackElo "1657"]
[PlyCount "78"]
[EventDate "2015.??.??"]

1. e4 c5 2. Nf3 e6 3. d4 cxd4 4. Nxd4 Nf6 5. Nc3 Nc6 6. g3 Bb4 7. Bg2 d5 8.
exd5 exd5 9. O-O O-O 10. Bg5 Bxc3 11. bxc3 Be6 12. Rb1 Nxd4 13. Qxd4 h6 14.
Bxf6 Qxf6 15. Qxf6 gxf6 16. Rfd1 Rac8 17. Bxd5 Bxd5 18. Rxd5 Rxc3 19. Rxb7 Rxc2
20. Rxa7 Kg7 21. Rdd7 Kg6 22. g4 Rc4 23. h3 Rc2 24. a4 Ra2 25. Kg2 Ra3 26. a5
Ra2 27. Rd6 Re8 28. Raa6 Re6 29. Rxe6 fxe6 30. Ra7 f5 31. a6 Ra4 32. Kg3 f4+
33. Kf3 Kg5 34. Ra8 e5 35. h4+ Kf6 36. a7 Ra3+ 37. Ke4 Ra4+ 38. Kd5 Ra5+ 39.
Kd6 Kf7 1-0

[Event "Polfinaly Mistrzostw Polski Juniorow C17"]
[Site "Szklarska Poreba 2015"]
[Date "2015.??.??"]
[Round "1.13"]
[White "Wisniewski, Szymon"]
[Black "Szczuraszyk, Jaroslaw"]
[Result "1-0"]
[WhiteElo "1891"]
[BlackElo "1559"]
[PlyCount "75"]
[EventDate "2015.??.??"]

1. e4 c5 2. d3 Nc6 3. Nf3 d6 4. Nbd2 g6 5. g3 Bg7 6. Bg2 Rb8 7. O-O e6 8. Qe2
Nge7 9. c3 O-O 10. Re1 b5 11. Nf1 b4 12. Qc2 Ba6 13. Bf4 bxc3 14. bxc3 e5 15.
Bd2 c4 16. dxc4 Bxc4 17. Ne3 Be6 18. Ng5 Bd7 19. Rab1 Qc7 20. Qd3 h6 21. Nf3
Be6 22. Nc4 d5 23. exd5 Bxd5 24. Rxb8 Rxb8 25. Nh4 Bxg2 26. Nxg2 Rd8 27. Qe2
Nf5 28. Nge3 Qd7 29. Qf3 Nxe3 30. Bxe3 Qe6 31. Nd2 f5 32. Nb3 e4 33. Qf4 Ne5
34. Bd4 Nf3+ 35. Qxf3 Qxb3 36. Qe2 Qd5 37. Bxg7 Kxg7 38. c4 1-0

[Event "Polfinaly Mistrzostw Polski Juniorow C17"]
[Site "Szklarska Poreba 2015"]
[Date "2015.??.??"]
[Round "1.14"]
[White "Romanski, Dawid"]
[Black "Golda, Sebastian"]
[Result "0-1"]
[WhiteElo "1517"]
[BlackElo "1868"]
[PlyCount "45"]
[EventDate "2015.??.??"]

1. e4 e5 2. Nf3 Nc6 3. Bb5 a6 4. Bxc6 dxc6 5. d4 exd4 6. Qxd4 Bg4 7. Qxd8+ Rxd8
8. Ke2 Nf6 9. h3 Bh5 10. Bg5 Be7 11. Bxf6 Bxf6 12. g3 O-O 13. Nbd2 Rfe8 14.
Rac1 Bg5 15. g4 Bxd2 16. Nxd2 Bg6 17. f3 f5 18. gxf5 Bxf5 19. h4 Re7 20. Rcd1
Be6 21. b3 Bf7 22. Nf1 Rxe4+ 23. Ne3 0-1

[Event "Polfinaly Mistrzostw Polski Juniorow C17"]
[Site "Szklarska Poreba 2015"]
[Date "2015.??.??"]
[Round "1.15"]
[White "Koseski, Damian"]
[Black "Szych, Adam"]
[Result "1-0"]
[WhiteElo "1857"]
[BlackElo "1348"]
[PlyCount "109"]
[EventDate "2015.??.??"]

1. d4 Nf6 2. c4 e6 3. Nc3 Bb4 4. Bd2 b6 5. a3 Be7 6. e4 O-O 7. Bd3 Ba6 8. Qc2
d5 9. e5 dxc4 10. exf6 cxd3 11. fxe7 dxc2 12. exd8=Q Rxd8 13. Be3 Bc4 14. Rc1
Bb3 15. Nf3 c5 16. Nd2 c4 17. O-O Nc6 18. Nf3 a6 19. Ne2 e5 20. Nxe5 Nxe5 21.
dxe5 Rd1 22. Nd4 Rd8 23. Nxc2 Rxc1 24. Rxc1 Bxc2 25. Bxb6 Rd1+ 26. Rxd1 Bxd1
27. Bc5 h5 28. f4 Bg4 29. Kf2 Kh7 30. h3 Be6 31. Ke3 Kg6 32. Bf8 f6 33. Kd4 Kf7
34. Bd6 Ke8 35. Kc5 Kd8 36. Bf8 g5 37. Kd6 Bc8 38. Bg7 Bb7 39. g3 Ke8 40. h4
Kd8 41. Kc5 Ke7 42. Kxc4 Ke6 43. Kc5 Bf3 44. b4 Be2 45. a4 Bd3 46. Bf8 Be2 47.
b5 axb5 48. axb5 Bd3 49. Kc6 Be4+ 50. Kc7 Ba8 51. b6 Be4 52. b7 Bxb7 53. Kxb7
Kd5 54. Kc7 Ke4 55. e6 1-0

[Event "Polfinaly Mistrzostw Polski Juniorow C17"]
[Site "Szklarska Poreba 2015"]
[Date "2015.??.??"]
[Round "1.12"]
[White "Zylinski, Piotr"]
[Black "Buraczewski, Rafal"]
[Result "1/2-1/2"]
[WhiteElo "1638"]
[BlackElo "1894"]
[PlyCount "48"]
[EventDate "2015.??.??"]

1. d4 d5 2. Nf3 Nf6 3. e3 e6 4. Bd3 c5 5. b3 Nc6 6. Bb2 Bd6 7. O-O O-O 8. Nbd2
b6 9. c4 Bb7 10. Ne5 cxd4 11. Nxc6 Bxc6 12. Bxd4 Qc7 13. Bxf6 gxf6 14. Qg4+ Kh8
15. Qh4 f5 16. Qf6+ Kg8 17. Qg5+ Kh8 18. Qf6+ Kg8 19. Qg5+ Kh8 20. Qf6+ Kg8 21.
Qg5+ Kh8 22. Qf6+ Kg8 23. Qg5+ Kh8 24. Qf6+ Kg8 1/2-1/2

[Event "Polfinaly Mistrzostw Polski Juniorow C17"]
[Site "Szklarska Poreba 2015"]
[Date "2015.11.09"]
[Round "3.1"]
[White "Rosicki, Marcin"]
[Black "Pilzak, Marcin"]
[Result "0-1"]
[WhiteElo "1907"]
[BlackElo "2102"]
[PlyCount "78"]
[EventDate "2015.??.??"]

1. e4 e6 2. d3 c5 3. Nf3 Nc6 4. g3 g6 5. Bg2 Bg7 6. O-O Nge7 7. Nbd2 O-O 8. Re1
d6 9. Nf1 Bd7 10. h4 Qc7 11. N1h2 d5 12. Qe2 dxe4 13. dxe4 Nd4 14. Nxd4 cxd4
15. e5 Bc6 16. Nf3 Rfd8 17. Bf4 Qb6 18. Bg5 Rd7 19. Bxe7 Rxe7 20. b3 Rd8 21.
Rac1 Rd5 22. c4 Ra5 23. Qd2 Bxf3 24. c5 Rxc5 25. Rxc5 Qxc5 26. Rc1 Qxe5 27.
Rc8+ Bf8 28. Bxf3 Rc7 29. Rxc7 Qxc7 30. Qxd4 Bc5 31. Qg4 Qb6 32. Kg2 Bxf2 33.
Bxb7 Bxg3 34. Kxg3 Qxb7 35. Qd4 Qc7+ 36. Kg4 e5 37. Qd5 h5+ 38. Kf3 Kg7 39. a4
Qc3+ {b4 Qd4} 0-1

[Event "Polfinaly Mistrzostw Polski Juniorow C17"]
[Site "Szklarska Poreba 2015"]
[Date "2015.11.09"]
[Round "3.2"]
[White "Osinski, Emil"]
[Black "Golda, Sebastian"]
[Result "1/2-1/2"]
[WhiteElo "1967"]
[BlackElo "1868"]
[PlyCount "87"]
[EventDate "2015.??.??"]
[WhiteClock "0:00:39"]
[BlackClock "0:01:01"]

1. e4 e5 2. Nf3 Nc6 3. Bb5 a6 4. Ba4 Nf6 5. O-O b5 6. Bb3 Be7 7. Re1 O-O 8. d4
exd4 9. e5 Ne8 10. Nxd4 Nxd4 11. Qxd4 c5 12. Qe4 Rb8 13. c4 d6 14. Bc2 g6 15.
Bh6 Ng7 16. Nc3 Bb7 17. Qe2 b4 18. exd6 Bxd6 19. Bxg7 Kxg7 20. Nd5 Bxd5 21.
cxd5 a5 22. Ba4 Qf6 23. Rac1 Rb7 24. g3 Re7 25. Qc2 Be5 26. Qxc5 Bd4 27. Qc2
Rc8 28. Bc6 Rxe1+ 29. Rxe1 Bxb2 30. Qe4 Bd4 31. Re2 Rb8 32. Qd3 Bc5 33. Rc2 Bd4
34. Kg2 h5 35. h4 Rb6 36. Re2 Rb8 37. Rd2 Bc3 38. Re2 Bd4 39. Qc4 Be5 40. Re4
Bd6 41. Qd3 Qb2 42. Re2 Qc3 43. Qe4 Qf6 44. Qd3 1/2-1/2

[Event "Polfinaly Mistrzostw Polski Juniorow C17"]
[Site "Szklarska Poreba 2015"]
[Date "2015.11.09"]
[Round "3.3"]
[White "Wacior, Maciej"]
[Black "Drozniak, Stanislaw"]
[Result "1-0"]
[WhiteElo "2004"]
[BlackElo "1857"]
[PlyCount "103"]
[EventDate "2015.??.??"]
[WhiteClock "0:51:06"]
[BlackClock "0:42:32"]

1. d4 Nf6 2. Nf3 g6 3. Bf4 Bg7 4. e3 c5 5. c3 O-O 6. h3 b6 7. Be2 Bb7 8. Nbd2
d6 9. O-O Nbd7 10. a4 Re8 11. Bh2 e5 12. Nc4 Ne4 13. dxe5 Nxe5 14. Ncxe5 dxe5
15. Qxd8 Raxd8 16. Rfd1 Bd5 17. Bb5 Bb3 18. Rxd8 Rxd8 19. Bxe5 Bxe5 20. Nxe5
Rd2 21. Bc6 Nxf2 22. Ra3 Bd5 23. Bxd5 Rxd5 24. Nc6 Rd2 25. b4 Nd1 26. Nxa7 Nxe3
27. bxc5 bxc5 28. a5 Rxg2+ 29. Kh1 f5 30. Nc6 f4 31. a6 Rf2 32. Ra1 Rf3 33. a7
Rxh3+ 34. Kg1 Rg3+ 35. Kf2 Ng4+ 36. Ke2 Re3+ 37. Kd2 Re8 38. Nb8 f3 39. a8=Q
Rd8+ 40. Kc2 Ne3+ 41. Kb3 f2 42. Qb7 c4+ 43. Ka4 Nd1 44. Qf3 Nb2+ 45. Ka3 Nd3
46. Na6 Rd7 47. Qa8+ Kg7 48. Rf1 Re7 49. Qd5 Re5 50. Qxc4 Ra5+ 51. Kb3 Rxa6 52.
Qxd3 1-0

[Event "Polfinaly Mistrzostw Polski Juniorow C17"]
[Site "Szklarska Poreba 2015"]
[Date "2015.??.??"]
[Round "2.6"]
[White "Adamczewski, Maciej"]
[Black "Jankowiak, Tomasz"]
[Result "1-0"]
[WhiteElo "1985"]
[BlackElo "1768"]
[PlyCount "74"]
[EventDate "2015.??.??"]

1. d4 d5 2. c4 c6 3. Nc3 Nf6 4. cxd5 cxd5 5. Bf4 Nc6 6. e3 Bf5 7. Bd3 Bxd3 8.
Qxd3 e6 9. Nge2 h6 10. O-O Bd6 11. Na4 O-O 12. Rfc1 Rc8 13. Qb5 Bxf4 14. Nxf4
Qa5 15. Qb3 Qb4 16. Qd1 b6 17. Nd3 Qd6 18. Nc3 Qd7 19. Rc2 Ne4 20. Rac1 Nxc3
21. Rxc3 Ne7 22. Ne5 Qb7 23. Qa4 a5 24. Qd7 Rxc3 25. Rxc3 Qxd7 26. Nxd7 Rc8 27.
Nxb6 Rxc3 28. bxc3 Kf8 29. Kf1 Ke8 30. c4 dxc4 31. Nxc4 Nc6 32. Ke2 f6 33. a3
Kd7 34. Kd3 Kc7 35. e4 Kd7 36. f4 g5 37. g3 Ke7 1-0

[Event "Polfinaly Mistrzostw Polski Juniorow C17"]
[Site "Szklarska Poreba 2015"]
[Date "2015.??.??"]
[Round "2.7"]
[White "Pasieka, Marcin"]
[Black "Czajkowski, Adam"]
[Result "1/2-1/2"]
[WhiteElo "1754"]
[BlackElo "2103"]
[PlyCount "70"]
[EventDate "2015.??.??"]

1. e4 c5 2. Nf3 e6 3. d4 cxd4 4. Nxd4 a6 5. Bd3 Bc5 6. Nb3 Be7 7. Be3 Nc6 8.
N1d2 b5 9. f4 Nf6 10. c3 d6 11. Qf3 Bb7 12. O-O O-O 13. g4 e5 14. f5 Nd7 15.
Qh3 Nc5 16. Bc2 Nxb3 17. axb3 Rc8 18. Nf3 f6 19. b4 Nb8 20. Bb3+ Rc4 21. Nd2
Qc7 22. Nxc4 bxc4 23. Bc2 Rd8 24. Rad1 d5 25. Qg2 d4 26. cxd4 exd4 27. Rxd4
Rxd4 28. Bxd4 Bxb4 29. g5 Nc6 30. Bc3 Bc5+ 31. Kh1 Nd4 32. gxf6 Nxc2 33. f7+
Qxf7 34. Qxc2 Qe7 35. Rf4 Qg5 1/2-1/2

[Event "Polfinaly Mistrzostw Polski Juniorow C17"]
[Site "Szklarska Poreba 2015"]
[Date "2015.??.??"]
[Round "2.8"]
[White "Planeta, Wojciech"]
[Black "Wacior, Maciej"]
[Result "0-1"]
[WhiteElo "1847"]
[BlackElo "2004"]
[PlyCount "80"]
[EventDate "2015.??.??"]

1. e4 c6 2. d4 d5 3. Nd2 dxe4 4. Nxe4 Bf5 5. Ng3 Bg6 6. Nh3 e6 7. Bc4 Nf6 8.
Nf4 Bd6 9. c3 Qc7 10. Qf3 Qe7 11. O-O Nbd7 12. Nxg6 hxg6 13. Bg5 O-O-O 14. h3
Bb8 15. Bf4 Bxf4 16. Qxf4 Nb6 17. Bb3 Nfd5 18. Qf3 g5 19. Rfe1 Qf6 20. Qxf6
gxf6 21. Ne4 Rh6 22. Rad1 Kc7 23. Re3 Rg8 24. Rdd3 Rhg6 25. Nd2 Nf4 26. Nc4
Nxc4 27. Bxc4 f5 28. Rf3 Rh8 29. Kf1 Rgh6 30. Bb3 Rd8 31. Rd1 Rhh8 32. a3 Rd7
33. Ba4 Rd6 34. Bb3 c5 35. dxc5 Rxd1+ 36. Bxd1 Rd8 37. Rxf4 gxf4 38. Ke2 Kc6
39. b4 a5 40. Ba4+ Kd5 0-1

[Event "Polfinaly Mistrzostw Polski Juniorow C17"]
[Site "Szklarska Poreba 2015"]
[Date "2015.??.??"]
[Round "2.9"]
[White "Januszkiewicz, Wojciech"]
[Black "Zianowicz, Dominik"]
[Result "1/2-1/2"]
[WhiteElo "1965"]
[BlackElo "1729"]
[PlyCount "110"]
[EventDate "2015.??.??"]

1. c4 c6 2. e4 d5 3. exd5 cxd5 4. cxd5 Qxd5 5. Nc3 Qd8 6. d4 Nf6 7. Nf3 e6 8.
Be3 Be7 9. Bd3 Nc6 10. a3 O-O 11. O-O b6 12. Rc1 Bb7 13. Qe2 Rc8 14. Rfd1 Nd5
15. Ne4 Qc7 16. Ne5 Qb8 17. Nd7 Nf4 18. Qd2 Nxd3 19. Nxb8 Nxc1 20. Rxc1 Nxb8
21. Nc3 Rfd8 22. Qe2 Bf6 23. Rd1 Na6 24. Qg4 Nc7 25. h4 Nd5 26. Bg5 Bxg5 27.
Qxg5 Nxc3 28. bxc3 Rd7 29. Rd3 f6 30. Qg4 Bd5 31. h5 h6 32. Rg3 Rdc7 33. Qg6
Kh8 34. Kh2 Re7 35. Qg4 Rec7 36. Kg1 Re7 37. Qe2 Rec7 38. Qe1 Re7 39. f4 f5 40.
Qe5 Rd8 41. Rg6 Kh7 42. g4 Rdd7 43. g5 hxg5 44. Rxg5 b5 45. Kh2 a5 46. Rg3 a4
47. Kh3 Rf7 48. Kh4 Rf6 49. Qb8 Bc4 50. Rg6 Re7 51. Kg3 Ref7 52. Qe8 Rf8 53.
Qe7 R8f7 54. Qc5 Rb7 55. Qe5 Rbf7 1/2-1/2

[Event "Polfinaly Mistrzostw Polski Juniorow C17"]
[Site "Szklarska Poreba 2015"]
[Date "2015.??.??"]
[Round "2.10"]
[White "Fukowski, Pawel"]
[Black "Krawiec, Grzegorz"]
[Result "1-0"]
[WhiteElo "1933"]
[BlackElo "1715"]
[PlyCount "46"]
[EventDate "2015.??.??"]

1. d4 Nf6 2. Nf3 d5 3. g3 c6 4. Bg2 Bf5 5. c4 e6 6. Nc3 h6 7. O-O Nbd7 8. b3
Be7 9. Bb2 Ne4 10. Nd2 Nxc3 11. Bxc3 Nf6 12. f3 O-O 13. e4 Bg6 14. Qe2 a5 15.
e5 Ne8 16. f4 Nc7 17. g4 f5 18. gxf5 Rxf5 19. Qe3 b5 20. c5 b4 21. Bb2 a4 22.
bxa4 Rxa4 23. Nf3 Qa8 1-0

[Event "Polfinaly Mistrzostw Polski Juniorow C17"]
[Site "Szklarska Poreba 2015"]
[Date "2015.??.??"]
[Round "2.12"]
[White "Korpalski, Maciej"]
[Black "Zylinski, Piotr"]
[Result "1-0"]
[WhiteElo "2007"]
[BlackElo "1638"]
[PlyCount "63"]
[EventDate "2015.??.??"]

1. e4 Nf6 2. e5 Nd5 3. d4 d6 4. c4 Nb6 5. f4 dxe5 6. fxe5 Nc6 7. Be3 Bf5 8. Nc3
e6 9. Nf3 Be7 10. d5 exd5 11. cxd5 Nb4 12. Nd4 N6xd5 13. Nxf5 Nxe3 14. Nxe3 Bc5
15. Ned5 Nxd5 16. Qxd5 Qh4+ 17. g3 Qb4 18. O-O-O O-O 19. Bc4 b5 20. Bb3 Be3+
21. Kb1 c5 22. Rhf1 c4 23. Bc2 Bb6 24. Qe4 g6 25. Nd5 Qc5 26. Nf6+ Kg7 27. Qh4
h6 28. Ng4 h5 29. Qf6+ Kh7 30. Bxg6+ fxg6 31. Rd7+ Kg8 32. Qg7# 1-0

[Event "Polfinaly Mistrzostw Polski Juniorow C17"]
[Site "Szklarska Poreba 2015"]
[Date "2015.??.??"]
[Round "2.13"]
[White "Kucza, Jan"]
[Black "Rzeszowski, Dominik"]
[Result "0-1"]
[WhiteElo "1657"]
[BlackElo "1808"]
[PlyCount "55"]
[EventDate "2015.??.??"]

1. e4 c5 2. Nf3 Nc6 3. d4 cxd4 4. Nxd4 e5 5. Nb5 d6 6. N1c3 a6 7. Na3 b5 8. Nd5
Nge7 9. c4 Nd4 10. cxb5 Nxd5 11. exd5 g6 12. bxa6 Bg7 13. Bd3 Qa5+ 14. Bd2 Qxd5
15. O-O O-O 16. Nc2 e4 17. Ne3 Nf3+ 18. Qxf3 Qxd3 19. Qd1 Bxb2 20. Rb1 Be5 21.
Rb3 Qxa6 22. Rb4 f5 23. Nc4 Qxa2 24. Nxe5 dxe5 25. Bc3 Re8 26. Qd6 Qe6 27. Qc5
Ba6 28. Qb6 0-1

[Event "Polfinaly Mistrzostw Polski Juniorow C17"]
[Site "Szklarska Poreba 2015"]
[Date "2015.??.??"]
[Round "2.14"]
[White "Wisniewski, Jacek"]
[Black "Szczuraszyk, Jaroslaw"]
[Result "1/2-1/2"]
[WhiteElo "1804"]
[BlackElo "1559"]
[PlyCount "82"]
[EventDate "2015.??.??"]

1. e4 c5 2. Nf3 Nc6 3. Bb5 d6 4. O-O Bd7 5. Re1 a6 6. Bxc6 Bxc6 7. d4 cxd4 8.
Nxd4 e6 9. Qf3 Rc8 10. Nc3 Qf6 11. Qd3 Ne7 12. Nf3 e5 13. Bg5 Qe6 14. Nh4 f6
15. Be3 d5 16. exd5 Nxd5 17. Nxd5 Qxd5 18. Qf5 Bd7 19. Qh5+ Qf7 20. Qf3 Bc6 21.
Qg3 Be7 22. Nf5 Qg6 23. Qxg6+ hxg6 24. Nxe7 Kxe7 25. c4 Bd7 26. b3 b5 27. c5
Bc6 28. f4 e4 29. h3 Rcd8 30. Kf2 Rd3 31. Ke2 Ke6 32. Rad1 Rhd8 33. g4 Rxd1 34.
Rxd1 Rxd1 35. Kxd1 Kd5 36. Ke2 Bd7 37. Kd2 b4 38. Bf2 f5 39. g5 Bb5 40. Be3 Bd3
41. h4 Bb5 1/2-1/2

[Event "Polfinaly Mistrzostw Polski Juniorow C17"]
[Site "Szklarska Poreba 2015"]
[Date "2015.??.??"]
[Round "2.15"]
[White "Zurawski, Kamil"]
[Black "Romanski, Dawid"]
[Result "1/2-1/2"]
[WhiteElo "1726"]
[BlackElo "1517"]
[PlyCount "73"]
[EventDate "2015.??.??"]

1. e4 c5 2. c3 d5 3. exd5 Qxd5 4. d4 e6 5. Nf3 Nf6 6. Be2 cxd4 7. cxd4 Be7 8.
Nc3 Qd8 9. O-O O-O 10. Bf4 a6 11. Ne5 Nd5 12. Bg3 Nc6 13. Bf3 Nxc3 14. bxc3
Nxe5 15. Bxe5 Bd6 16. Re1 Rb8 17. c4 b6 18. Rb1 Bb7 19. Bxb7 Rxb7 20. Qf3 Rb8
21. Qg3 Bxe5 22. Qxe5 Re8 23. Re3 f6 24. Qf4 Qd7 25. h3 Qa4 26. Rxe6 Qxc4 27.
Rxe8+ Rxe8 28. Rxb6 Qxa2 29. Rb8 Qa1+ 30. Kh2 Rxb8 31. Qxb8+ Kf7 32. Qb7+ Kf8
33. Qd7 a5 34. d5 Qe5+ 35. g3 h5 36. Qd8+ Kf7 37. Qxa5 1/2-1/2

[Event "Polfinaly Mistrzostw Polski Juniorow C17"]
[Site "Szklarska Poreba 2015"]
[Date "2015.??.??"]
[Round "2.16"]
[White "Kaminski, Piotr"]
[Black "Szych, Adam"]
[Result "1-0"]
[WhiteElo "1699"]
[BlackElo "1348"]
[PlyCount "93"]
[EventDate "2015.??.??"]

1. e4 e5 2. Nf3 Nc6 3. Bb5 a6 4. Bxc6 dxc6 5. d4 exd4 6. Qxd4 Qxd4 7. Nxd4 Bd7
8. O-O O-O-O 9. Nf3 f6 10. Be3 Bd6 11. Nbd2 Be6 12. b3 Ne7 13. Rad1 Ng6 14. h3
Bf4 15. Bxf4 Nxf4 16. Rfe1 Rd7 17. e5 Re8 18. exf6 gxf6 19. Re4 Nd5 20. Rde1
Rde7 21. Nd4 Bd7 22. Rxe7 Rxe7 23. Rxe7 Nxe7 24. Ne4 c5 25. Nxc5 Be8 26. Ne4
Ng6 27. f4 Kd7 28. Kf2 b6 29. f5 c5 30. Ne6 Bf7 31. Nf4 Kc6 32. g4 Bd5 33. Ke3
b5 34. Nh5 Bxe4 35. Kxe4 Kd6 36. h4 h6 37. Ng7 Kc6 38. Ne6 Kd6 39. Nf4 Ne7 40.
c4 b4 41. Nh5 Ng8 42. Kf4 Ke7 43. g5 Kf7 44. Ng3 Kg7 45. Ne4 hxg5+ 46. hxg5
fxg5+ 47. Kxg5 1-0